Pokémon - Les attaques de Chimpenfeu - Statistiques

Statistiques générales
  • Ce quiz a été pris 28 fois
  • Le résultat moyen est 10 sur 14
Statistiques - réponses
Niveaux Types Noms des attaques % Correct
Départ Niveau 7 Feu Flammèche
100%
Niveau 19 Feu Roue de Feu
100%
Départ Normal Griffe
94%
Départ Évolution Combat Mach Punch
94%
Niveau 56 Feu Boutefeu
88%
Niveau 36 Combat Close Combat
88%
Départ Normal Groz'Yeux
88%
Niveau 16 Normal Combo-Griffe
75%
Niveau 9 Ténèbres Provoc
63%
Niveau 46 Vol Acrobatie
56%
Niveau 39 Feu Danse Flamme
56%
Niveau 29 Ténèbres Tourmente
56%
Niveau 26 Normal Ruse
31%
Niveau 49 Normal Paresse
13%
Aucun quiz correspondant
Distribution des résultats
% des personnes avec chaque résultat
Percentile par nombre de réponses
Votre historique - résultats
Vous n’avez pas pris ce quiz